| 000 | 01467nam a22002657a 4500 | ||
|---|---|---|---|
| 999 |
_c322290 _d322290 |
||
| 001 | 35982 | ||
| 003 | UA-OsUOA | ||
| 005 | 20230504161229.0 | ||
| 007 | ta | ||
| 008 | 20060110b un ||||| |||| 00| 0 ukr d | ||
| 020 | _a966-608-358-2 | ||
| 040 |
_aUA-OsUOA _bukr _cUA-OsUOA _dUA-OsUOA |
||
| 041 | _aukr | ||
| 080 | _a330.342.146 | ||
| 090 |
_a330.342.146 _bМ20 |
||
| 100 | _aМалиш Н. А. | ||
| 245 |
_aМоделювання економічних процесів ринкової економіки _bнавчальний посібник |
||
| 260 |
_aК. _bМАУП _c2004 |
||
| 300 | _a120 с. | ||
| 520 | _aУ пропонованому посібнику викладено основні моделі ринкової економіки. До кожного розділу подаються тести та задачі, рекомендована література. Посібник містить інструментарій економічного аналізу, приклади його застосування та вдало поєднує вивчення математичних інструментів з економікою. Для студентів вищих навчальних закладів, аспірантів і докторантів. | ||
| 650 | 7 |
_a330 Економіка взагалі _2UDC |
|
| 942 |
_cBK _2udc |
||
| 955 | _a2 | ||